Kultúrne súvislosti hospodárskej krízy

Analýza vybraných priamych dopadov finančnej krízy na svetové hospodárstvo a ich účinky v kontexte kultúrnych súvislostí.

Salvato in:
Dettagli Bibliografici
Autore principale: Fodorová, Veronika
Natura: Capitolo di libro
Lingua:slovacco
Soggetti:
Tags: Aggiungi Tag
Nessun Tag, puoi essere il primo ad aggiungerne!!

MARC

LEADER 00000nla$a2200000$$$4500
001 0145620
005 20240502072627.1
041 0 |a slo 
044 |a SK 
245 1 0 |a Kultúrne súvislosti hospodárskej krízy  |c Veronika Fodorová 
520 |a Analýza vybraných priamych dopadov finančnej krízy na svetové hospodárstvo a ich účinky v kontexte kultúrnych súvislostí. 
610 2 0 |a hospodárstvo svetové 
610 2 0 |a zvyklosti kultúrne 
610 2 0 |a kríza hospodárska 
610 2 0 |a globalizácia 
610 2 0 |a depresia 
100 1 |a Fodorová, Veronika